| 000 | 00544nam a22001937a 4500 | ||
|---|---|---|---|
| 999 |
_c524762 _d524762 |
||
| 003 | NUST | ||
| 020 | _a9789698939045 | ||
| 038 | _aNUST | ||
| 082 |
_a891.421 _bASL |
||
| 100 |
_aAslam, Shahzad _915555 |
||
| 245 |
_aKhawab samundar paar de _cShahzad Aslam. |
||
| 260 |
_aFaisalabad : _bMisal Publishers, _c2006. |
||
| 300 |
_a176 p. ; _c18 cm. |
||
| 500 | _aHardback. | ||
| 880 |
_6100-01\r _a.شھزاد اسلم |
||
| 880 |
_6245-02\r _a/ خواب سمندر پار دے |
||
| 880 |
_6260-03\r _a,مثال پبلیشرز |
||
| 942 |
_2ddc _cBK |
||